000 00638nam a2200229 a 4500
001 BRCA_7782
005 20190320210006.0
008 011013s1946----nyua######---#000-0#eng-#
041 _aeng
044 _anyu
050 4 _aNE654.D8
_b.C66 1946
245 1 0 _aThe complete woodcuts of Albrecht Dürer
_cedited by Willi Kurth.
260 _aNueva York
_bCrown
_c1946
300 _a42 p.
_bil., 346 láminas
_c31 cm.
500 _aX25
600 1 4 _aDurer, Albrecht
_d1471-1528
_948
650 1 4 _aGrabadores alemanes
_97216
650 1 4 _aGrabados en madera
_919272
700 1 _aKurth, Willi
_eed.
_919273
902 _aGFM
942 _2lcc
_cB
999 _c7456
_d7456